000 00479pab a2200145 454500
008 180718b2004 xxu||||| |||| 00| 0 eng d
100 _aShow, James B.
245 _aA fair go for all? The impact of intragroup diversity and diversity-management skills on student experiences and outcomes in team-based class projects
260 _c2004
300 _ap.139-69.
362 _aApr
650 _aManagement education
773 _aJournal of Management Education
909 _a59933
999 _c59933
_d59933